| 000 | 00697nam a22001577a 4500 | ||
|---|---|---|---|
| 005 | 20250811113518.0 | ||
| 008 | 250811b |||||||| |||| 00| 0 eng d | ||
| 050 |
_aTHE S 494.5 .P47 K4 N93 _bC.1 |
||
| 100 | _aNyagwansa, Rose Nyansarora | ||
| 245 | _aEffectiveness of Selected Advisory Channels on Safe Use of Pesticides in Kale Production Among the Small Scale Farmers in Kisii County | ||
| 260 |
_aKisii _bKisii University _c2021 |
||
| 300 | _axviii, 99p.:ill. | ||
| 500 | _aIncludes bibliographical references | ||
| 650 | _a1. Pesticides - Safety measures - Kenya. 2. Agricultural extension work - Kenya. 3. Kale - Kenya - Postharvest technology. 4. Small farms - Kenya. | ||
| 942 |
_2lcc _cREF |
||
| 999 |
_c216010 _d216010 |
||